[Event "Helsinki Chess Festival - Seniors"]
[Site "chess24.com"]
[Date "2019.08.15"]
[Round "3"]
[White "Fomina, Tatyana"]
[Black "Peebo, Kalle"]
[Result "1/2-1/2"]
[Board "1"]
[WhiteTitle "WGM"]
[WhiteElo "2201"]
[WhiteCountry "EST"]
[WhiteFideId "4500156"]
[BlackElo "2200"]
[BlackCountry "EST"]
[BlackFideId "4503805"]

1. e4 {[%clk 1:30:57]} d6 {[%clk 1:30:11]} 2. Nf3 {[%clk 1:31:16]} Nf6 {[%clk
1:29:37]} 3. Nc3 {[%clk 1:31:12]} c5 {[%clk 1:28:53]} 4. Bc4 {[%clk 1:29:46]} Nc6
{[%clk 1:28:11]} 5. h3 {[%clk 1:29:41]} e6 {[%clk 1:28:05]} 6. Qe2 {[%clk
1:28:57]} Be7 {[%clk 1:24:46]} 7. Bb3 {[%clk 1:24:42]} O-O {[%clk 1:25:00]} 8. d3
{[%clk 1:23:25]} a6 {[%clk 1:24:32]} 9. a4 {[%clk 1:22:43]} Nd4 {[%clk 1:20:53]}
10. Nxd4 {[%clk 1:21:10]} cxd4 {[%clk 1:21:13]} 11. Nd1 {[%clk 1:16:17]} d5
{[%clk 1:21:16]} 12. e5 {[%clk 1:13:08]} Nd7 {[%clk 1:21:38]} 13. O-O {[%clk
1:12:37]} Nc5 {[%clk 1:21:44]} 14. Qg4 {[%clk 1:10:28]} f5 {[%clk 1:16:33]} 15.
Qxd4 {[%clk 1:09:06]} Nxb3 {[%clk 1:16:02]} 16. cxb3 {[%clk 1:09:06]} Qa5 {[%clk
1:16:04]} 17. Be3 {[%clk 1:06:02]} b5 {[%clk 1:02:57]} 18. Nc3 {[%clk 0:58:01]}
b4 {[%clk 1:02:25]} 19. Ne2 {[%clk 0:57:42]} Bd7 {[%clk 0:59:20]} 20. Rac1 {[%clk
0:53:58]} Rfc8 {[%clk 0:58:30]} 21. h4 {[%clk 0:51:30]} Qd8 {[%clk 0:40:19]} 22.
g3 {[%clk 0:51:27]} a5 {[%clk 0:37:54]} 23. Qf4 {[%clk 0:40:50]} Rxc1 {[%clk
0:34:31]} 24. Rxc1 {[%clk 0:37:53]} Bc8 {[%clk 0:34:29]} 25. Nd4 {[%clk 0:36:51]}
Bd7 {[%clk 0:29:11]} 26. Qf3 {[%clk 0:36:34]} Rc8 {[%clk 0:28:46]} 27. Qd1 {[%clk
0:36:30]} Rc7 {[%clk 0:28:57]} 28. Nb5 {[%clk 0:31:42]} Bxb5 {[%clk 0:18:58]} 29.
axb5 {[%clk 0:31:43]} Rb7 {[%clk 0:18:54]} 30. Rc6 {[%clk 0:29:58]} d4 {[%clk
0:10:18]} 31. Bg5 {[%clk 0:27:12]} Bxg5 {[%clk 0:06:52]} 32. hxg5 {[%clk
0:26:32]} Rxb5 {[%clk 0:04:55]} 33. f4 {[%clk 0:22:18]} Rb8 {[%clk 0:01:25]} 34.
Qc1 {[%clk 0:18:56]} Qd5 {[%clk 0:01:18]} 35. Qc4 {[%clk 0:16:44]} Rd8 {[%clk
0:00:32]} 36. Rxe6 {[%clk 0:14:58]} Kf7 {[%clk 0:00:50]} 37. Ra6 {[%clk 0:14:00]}
Kf8 {[%clk 0:01:00]} 38. Ra7 {[%clk 0:12:43]} Rd7 {[%clk 0:00:39]} 39. Qxd5
{[%clk 0:08:11]} Rxd5 {[%clk 0:01:07]} 40. Rc7 {[%clk 0:37:42]} Rb5 {[%clk
0:30:32]} 41. g4 {[%clk 0:36:58]} fxg4 {[%clk 0:30:58]} 42. Kg2 {[%clk 0:37:22]}
Rb6 {[%clk 0:30:47]} 43. Kg3 {[%clk 0:37:07]} h5 {[%clk 0:31:16]} 44. gxh6 {[%clk
0:37:09]} Rxh6 {[%clk 0:31:41]} 45. Kxg4 {[%clk 0:37:21]} Rh2 {[%clk 0:31:52]}
46. Kf5 {[%clk 0:37:26]} Rxb2 {[%clk 0:32:05]} 47. Ke6 {[%clk 0:37:43]} Kg8
{[%clk 0:32:25]} 48. f5 {[%clk 0:37:15]} Rxb3 {[%clk 0:32:50]} 49. Ra7 {[%clk
0:27:17]} Rxd3 {[%clk 0:32:45]} 50. Rxa5 {[%clk 0:26:25]} b3 {[%clk 0:32:45]} 51.
Kd5 {[%clk 0:24:08]} b2 {[%clk 0:32:28]} 52. Rb5 {[%clk 0:24:11]} Rd2 {[%clk
0:32:40]} 53. e6 {[%clk 0:21:29]} d3 {[%clk 0:29:49]} 54. Rb8+ {[%clk 0:20:08]}
Kh7 {[%clk 0:30:03]} 55. Kd4 {[%clk 0:20:18]} Rf2 {[%clk 0:23:00]} 56. Kxd3
{[%clk 0:18:41]} Rxf5 {[%clk 0:23:08]} 57. Kd4 {[%clk 0:17:28]} Rf2 {[%clk
0:22:56]} 58. Kd5 {[%clk 0:16:43]} Rd2+ {[%clk 0:14:40]} 59. Kc6 {[%clk 0:16:44]}
g5 {[%clk 0:13:17]} 60. e7 {[%clk 0:16:33]} Re2 {[%clk 0:13:18]} 61. Kd7 {[%clk
0:16:56]} 1/2-1/2

[Event "Helsinki Chess Festival - Seniors"]
[Site "chess24.com"]
[Date "2019.08.15"]
[Round "3"]
[White "Karasev, Vladimir I"]
[Black "Kaunas, Kestutis"]
[Result "1-0"]
[Board "2"]
[WhiteTitle "IM"]
[WhiteElo "2283"]
[WhiteCountry "RUS"]
[WhiteFideId "4103971"]
[WhiteEloChange "6"]
[BlackTitle "IM"]
[BlackElo "2154"]
[BlackCountry "LTU"]
[BlackFideId "12800139"]
[BlackEloChange "-6"]

1. e4 {[%clk 1:30:56]} c5 {[%clk 1:30:56]} 2. Nf3 {[%clk 1:30:54]} e6 {[%clk
1:31:20]} 3. c3 {[%clk 1:30:03]} d5 {[%clk 1:31:32]} 4. exd5 {[%clk 1:28:29]}
exd5 {[%clk 1:31:56]} 5. d4 {[%clk 1:27:23]} Nc6 {[%clk 1:32:09]} 6. Bb5 {[%clk
1:20:45]} Bd6 {[%clk 1:32:08]} 7. dxc5 {[%clk 1:19:24]} Bxc5 {[%clk 1:32:32]} 8.
O-O {[%clk 1:19:32]} Ne7 {[%clk 1:32:56]} 9. Nbd2 {[%clk 1:18:39]} O-O {[%clk
1:33:18]} 10. Nb3 {[%clk 1:18:14]} Bb6 {[%clk 1:33:38]} 11. Re1 {[%clk 1:16:56]}
Nf5 {[%clk 1:33:28]} 12. Bd3 {[%clk 1:13:27]} h6 {[%clk 1:32:01]} 13. Bf4 {[%clk
1:05:34]} Qf6 {[%clk 1:27:52]} 1-0

[Event "Helsinki Chess Festival - Seniors"]
[Site "chess24.com"]
[Date "2019.08.15"]
[Round "3"]
[White "Westerinen, Heikki M.J."]
[Black "Mishuchkov, Nikolai M."]
[Result "1/2-1/2"]
[Board "3"]
[WhiteTitle "GM"]
[WhiteElo "2297"]
[WhiteCountry "FIN"]
[WhiteFideId "500020"]
[WhiteEloChange "-1"]
[BlackTitle "IM"]
[BlackElo "2274"]
[BlackCountry "RUS"]
[BlackFideId "4102401"]
[BlackEloChange "1"]

1. Nf3 {[%clk 1:30:57]} d5 {[%clk 1:30:29]} 2. g3 {[%clk 1:31:16]} Bg4 {[%clk
1:29:36]} 3. Bg2 {[%clk 1:31:30]} c6 {[%clk 1:28:32]} 4. h3 {[%clk 1:31:40]} Bxf3
{[%clk 1:27:39]} 5. Bxf3 {[%clk 1:32:04]} e6 {[%clk 1:26:28]} 6. d3 {[%clk
1:32:15]} Nf6 {[%clk 1:23:54]} 7. Bg2 {[%clk 1:31:22]} Be7 {[%clk 1:20:41]} 8.
Nd2 {[%clk 1:30:58]} Nbd7 {[%clk 1:18:25]} 9. O-O {[%clk 1:31:03]} O-O {[%clk
1:18:43]} 10. e3 {[%clk 1:28:31]} a5 {[%clk 1:11:27]} 11. a4 {[%clk 1:27:12]} b5
{[%clk 1:05:54]} 12. axb5 {[%clk 1:23:40]} cxb5 {[%clk 1:06:12]} 13. e4 {[%clk
1:16:24]} Rc8 {[%clk 1:00:07]} 14. exd5 {[%clk 1:13:24]} Nxd5 {[%clk 0:58:22]}
15. Nb3 {[%clk 1:09:33]} a4 {[%clk 0:55:02]} 16. Nd4 {[%clk 1:09:11]} Qb6 {[%clk
0:51:23]} 17. Nxb5 {[%clk 1:08:43]} Qxb5 {[%clk 0:39:45]} 18. c4 {[%clk 1:08:56]}
Qb3 {[%clk 0:31:47]} 19. cxd5 {[%clk 1:07:17]} Nc5 {[%clk 0:30:30]} 20. dxe6
{[%clk 0:59:02]} fxe6 {[%clk 0:27:01]} 21. Qg4 {[%clk 0:37:47]} Qxd3 {[%clk
0:20:09]} 22. Be3 {[%clk 0:30:03]} Qf5 {[%clk 0:18:09]} 23. Qxf5 {[%clk 0:25:00]}
exf5 {[%clk 0:14:35]} 24. Rfc1 {[%clk 0:20:37]} Rfd8 {[%clk 0:14:07]} 25. Rc3
{[%clk 0:12:27]} Nd3 {[%clk 0:10:20]} 26. Bd5+ {[%clk 0:12:37]} Rxd5 {[%clk
0:09:58]} 27. Rxc8+ {[%clk 0:13:01]} Kf7 {[%clk 0:10:19]} 28. Rxa4 {[%clk
0:11:55]} Nxb2 {[%clk 0:10:15]} 29. Ra7 {[%clk 0:12:21]} Ke6 {[%clk 0:03:31]}
1/2-1/2

[Event "Helsinki Chess Festival - Seniors"]
[Site "chess24.com"]
[Date "2019.08.15"]
[Round "3"]
[White "Hammar, Bengt"]
[Black "Rantanen, Yrjo A."]
[Result "0-1"]
[Board "4"]
[WhiteTitle "FM"]
[WhiteElo "2199"]
[WhiteCountry "SWE"]
[WhiteFideId "1700391"]
[WhiteEloChange "-7"]
[BlackTitle "GM"]
[BlackElo "2302"]
[BlackCountry "FIN"]
[BlackFideId "500038"]
[BlackEloChange "7"]

1. e4 {[%clk 1:30:40]} e5 {[%clk 1:28:22]} 2. Nf3 {[%clk 1:30:30]} Nc6 {[%clk
1:28:43]} 3. Bb5 {[%clk 1:28:32]} a6 {[%clk 1:29:11]} 4. Ba4 {[%clk 1:28:27]} d6
{[%clk 1:28:45]} 5. c3 {[%clk 1:25:51]} Nf6 {[%clk 1:19:50]} 6. d3 {[%clk
1:19:40]} g6 {[%clk 1:17:12]} 7. O-O {[%clk 1:15:50]} Bg7 {[%clk 1:15:03]} 8.
Nbd2 {[%clk 1:11:50]} O-O {[%clk 1:12:05]} 9. Re1 {[%clk 1:08:36]} Nd7 {[%clk
1:07:17]} 10. Nf1 {[%clk 1:06:16]} Nc5 {[%clk 1:06:41]} 11. Bc2 {[%clk 1:06:20]}
Ne6 {[%clk 1:02:16]} 12. Bb3 {[%clk 0:56:02]} h6 {[%clk 1:00:57]} 13. g3 {[%clk
0:42:52]} Nc5 {[%clk 0:48:49]} 14. Bc2 {[%clk 0:42:00]} d5 {[%clk 0:47:15]} 15.
b4 {[%clk 0:40:34]} dxe4 {[%clk 0:31:28]} 16. dxe4 {[%clk 0:40:03]} Ne6 {[%clk
0:31:08]} 17. Ne3 {[%clk 0:38:47]} Qe8 {[%clk 0:09:45]} 18. a4 {[%clk 0:36:53]}
Bd7 {[%clk 0:09:51]} 19. Ba3 {[%clk 0:36:23]} b5 {[%clk 0:10:04]} 20. Bc1 {[%clk
0:34:52]} Rb8 {[%clk 0:09:43]} 21. axb5 {[%clk 0:34:10]} axb5 {[%clk 0:10:12]}
22. Qe2 {[%clk 0:28:49]} f6 {[%clk 0:08:21]} 23. Nh4 {[%clk 0:27:36]} Ne7 {[%clk
0:08:01]} 24. Rd1 {[%clk 0:27:07]} Ng5 {[%clk 0:07:39]} 25. Ra7 {[%clk 0:25:46]}
Rc8 {[%clk 0:07:42]} 26. Bb3+ {[%clk 0:24:25]} Kh7 {[%clk 0:07:46]} 27. Qd3
{[%clk 0:24:15]} Bc6 {[%clk 0:07:14]} 28. f3 {[%clk 0:19:34]} h5 {[%clk 0:05:20]}
29. Nd5 {[%clk 0:16:39]} Nxd5 {[%clk 0:05:05]} 30. Bxd5 {[%clk 0:16:45]} Bxd5
{[%clk 0:04:45]} 31. Qxd5 {[%clk 0:16:44]} Ne6 {[%clk 0:05:02]} 32. Qd3 {[%clk
0:13:45]} Rd8 {[%clk 0:05:09]} 33. Qc2 {[%clk 0:13:56]} Rxd1+ {[%clk 0:05:11]}
34. Qxd1 {[%clk 0:14:24]} Qc6 {[%clk 0:05:30]} 35. Qe1 {[%clk 0:13:47]} Rd8
{[%clk 0:05:35]} 36. Bd2 {[%clk 0:06:37]} Rd3 {[%clk 0:04:47]} 37. Ra1 {[%clk
0:05:52]} Bh6 {[%clk 0:04:05]} 38. Bxh6 {[%clk 0:06:03]} Kxh6 {[%clk 0:04:32]}
39. Rc1 {[%clk 0:06:15]} Ng5 {[%clk 0:04:12]} 40. Kg2 {[%clk 0:35:42]} Qd7 {[%clk
0:33:47]} 41. Rc2 {[%clk 0:32:59]} Rd1 {[%clk 0:19:16]} 0-1

[Event "Helsinki Chess Festival - Seniors"]
[Site "chess24.com"]
[Date "2019.08.15"]
[Round "3"]
[White "Halldorsson, Bragi"]
[Black "Strand, Kjetil"]
[Result "1-0"]
[Board "5"]
[WhiteElo "2116"]
[WhiteCountry "ISL"]
[WhiteFideId "2300907"]
[WhiteEloChange "7"]
[BlackElo "2026"]
[BlackCountry "NOR"]
[BlackFideId "1503111"]
[BlackEloChange "-7"]

1. d4 {[%clk 1:30:56]} d5 {[%clk 1:30:52]} 2. Nf3 {[%clk 1:31:19]} Nf6 {[%clk
1:31:13]} 3. g3 {[%clk 1:31:39]} Bf5 {[%clk 1:31:22]} 4. Bg2 {[%clk 1:32:01]} e6
{[%clk 1:31:41]} 5. c4 {[%clk 0:09:27]} Bb4+ {[%clk 1:23:04]} 6. Nc3 {[%clk
1:32:08]} c6 {[%clk 1:21:35]} 7. O-O {[%clk 1:30:16]} h6 {[%clk 1:21:08]} 8. Qb3
{[%clk 1:30:26]} Qe7 {[%clk 1:21:06]} 9. Bf4 {[%clk 1:29:47]} O-O {[%clk
1:20:57]} 10. c5 {[%clk 1:29:40]} Bxc3 {[%clk 1:18:02]} 11. Bd6 {[%clk 1:29:59]}
Qd7 {[%clk 1:16:01]} 12. Bxf8 {[%clk 1:29:21]} Bxb2 {[%clk 1:14:08]} 13. Bxg7
{[%clk 1:29:10]} Kxg7 {[%clk 1:12:48]} 14. Qxb2 {[%clk 1:26:05]} Qc7 {[%clk
1:12:28]} 15. Nh4 {[%clk 1:25:56]} Bh7 {[%clk 1:10:58]} 16. f4 {[%clk 1:24:02]}
Be4 {[%clk 1:09:52]} 17. f5 {[%clk 1:23:57]} Nbd7 {[%clk 1:09:23]} 18. fxe6
{[%clk 1:22:27]} fxe6 {[%clk 1:09:31]} 19. Bxe4 {[%clk 0:06:30]} Nxe4 {[%clk
1:08:37]} 20. Rf4 {[%clk 1:16:26]} Ndf6 {[%clk 1:04:04]} 21. Rb1 {[%clk 1:15:02]}
Rb8 {[%clk 1:01:50]} 22. Nf3 {[%clk 1:15:04]} Ng5 {[%clk 0:58:25]} 23. Kg2 {[%clk
0:06:01]} b5 {[%clk 0:52:26]} 24. Rf1 {[%clk 1:13:43]} Nxf3 {[%clk 0:50:09]} 25.
R1xf3 {[%clk 1:13:26]} Rf8 {[%clk 0:43:31]} 26. Qc1 {[%clk 1:08:46]} Qe7 {[%clk
0:05:02]} 27. Qe3 {[%clk 1:05:55]} h5 {[%clk 0:03:16]} 28. h3 {[%clk 1:05:32]}
Nd7 {[%clk 0:32:42]} 29. Rxf8 {[%clk 1:04:45]} Nxf8 {[%clk 0:32:38]} 30. Qe5+
{[%clk 0:01:20]} Kg6 {[%clk 0:31:24]} 31. g4 {[%clk 1:03:57]} hxg4 {[%clk
0:29:31]} 32. Rg3 {[%clk 1:04:11]} Kf7 {[%clk 0:24:34]} 33. Rxg4 {[%clk 1:03:25]}
Ng6 {[%clk 0:22:01]} 34. Qg3 {[%clk 1:01:43]} Qf6 {[%clk 0:20:57]} 35. h4 {[%clk
0:57:42]} e5 {[%clk 0:05:26]} 36. e3 {[%clk 0:53:58]} Qf5 {[%clk 0:10:04]} 37.
Qf3 {[%clk 0:50:46]} Qxf3+ {[%clk 0:05:58]} 38. Kxf3 {[%clk 0:51:08]} e4+ {[%clk
0:06:21]} 39. Kg3 {[%clk 0:50:35]} a5 {[%clk 0:04:18]} 40. h5 {[%clk 1:20:56]}
Nh8 {[%clk 0:34:18]} 41. Kf4 {[%clk 1:20:57]} b4 {[%clk 0:33:56]} 42. Kf5 {[%clk
1:21:01]} a4 {[%clk 0:33:46]} 43. h6 {[%clk 1:21:05]} b3 {[%clk 0:33:46]} 44.
axb3 {[%clk 1:21:25]} axb3 {[%clk 0:34:11]} 45. Rg7+ {[%clk 1:21:36]} Kf8 {[%clk
0:34:13]} 46. Kf6 {[%clk 1:21:41]} b2 {[%clk 0:33:50]} 47. Rb7 {[%clk 1:21:54]}
Kg8 {[%clk 0:34:02]} 1-0

[Event "Helsinki Chess Festival - Seniors"]
[Site "chess24.com"]
[Date "2019.08.15"]
[Round "4"]
[White "Peebo, Kalle"]
[Black "Strand, Kjetil"]
[Result "1-0"]
[Board "1"]
[WhiteElo "2200"]
[WhiteCountry "EST"]
[WhiteFideId "4503805"]
[WhiteEloChange "5"]
[BlackElo "2026"]
[BlackCountry "NOR"]
[BlackFideId "1503111"]
[BlackEloChange "-5"]

1. e4 {[%clk 1:30:58]} e5 {[%clk 1:28:59]} 2. Bc4 {[%clk 1:27:37]} Nc6 {[%clk
1:29:00]} 3. Nf3 {[%clk 1:27:56]} Nf6 {[%clk 1:27:25]} 4. d3 {[%clk 1:28:11]} Bc5
{[%clk 1:27:22]} 5. Bb3 {[%clk 1:28:22]} d6 {[%clk 1:27:30]} 6. c3 {[%clk
1:28:44]} Bb6 {[%clk 1:27:24]} 7. Nbd2 {[%clk 1:27:55]} O-O {[%clk 1:27:33]} 8.
O-O {[%clk 1:26:31]} d5 {[%clk 1:25:10]} 9. Re1 {[%clk 1:22:02]} dxe4 {[%clk
1:20:26]} 10. dxe4 {[%clk 1:22:22]} Bg4 {[%clk 1:19:44]} 11. h3 {[%clk 1:22:42]}
Bh5 {[%clk 1:19:24]} 12. Qe2 {[%clk 1:22:53]} Qe7 {[%clk 1:16:00]} 13. Nf1 {[%clk
1:23:01]} Nd7 {[%clk 1:10:42]} 14. Ng3 {[%clk 1:23:05]} Bxf3 {[%clk 1:08:23]} 15.
Qxf3 {[%clk 1:23:09]} a5 {[%clk 1:04:58]} 16. Nf5 {[%clk 1:23:08]} Qf6 {[%clk
1:03:52]} 17. Rd1 {[%clk 1:16:56]} a4 {[%clk 1:00:13]} 18. Bc4 {[%clk 1:14:24]}
Rfd8 {[%clk 0:58:32]} 19. Bd5 {[%clk 1:05:31]} Kh8 {[%clk 0:53:13]} 20. h4 {[%clk
1:01:02]} h6 {[%clk 0:50:59]} 21. g4 {[%clk 0:58:59]} g5 {[%clk 0:45:24]} 22.
hxg5 {[%clk 0:55:22]} hxg5 {[%clk 0:45:31]} 23. Qh3+ {[%clk 0:54:16]} Kg8 {[%clk
0:45:53]} 24. Qh5 {[%clk 0:54:30]} Nf8 {[%clk 0:44:44]} 25. Bxf7+ {[%clk
0:54:38]} Qxf7 {[%clk 0:44:50]} 26. Nh6+ {[%clk 0:55:00]} 1-0

[Event "Helsinki Chess Festival - Seniors"]
[Site "chess24.com"]
[Date "2019.08.15"]
[Round "4"]
[White "Rantanen, Yrjo A."]
[Black "Halldorsson, Bragi"]
[Result "1-0"]
[Board "2"]
[WhiteTitle "GM"]
[WhiteElo "2302"]
[WhiteCountry "FIN"]
[WhiteFideId "500038"]
[WhiteEloChange "5"]
[BlackElo "2116"]
[BlackCountry "ISL"]
[BlackFideId "2300907"]
[BlackEloChange "-5"]

1. e4 {[%clk 1:30:47]} c6 {[%clk 1:30:53]} 2. d4 {[%clk 1:31:05]} d5 {[%clk
1:31:14]} 3. exd5 {[%clk 1:31:26]} cxd5 {[%clk 1:31:35]} 4. c4 {[%clk 1:31:45]}
Nf6 {[%clk 1:31:59]} 5. Nc3 {[%clk 1:32:05]} Nc6 {[%clk 1:32:24]} 6. Bg5 {[%clk
1:31:39]} e6 {[%clk 1:31:54]} 7. Nf3 {[%clk 1:24:11]} Be7 {[%clk 1:30:46]} 8. Bd3
{[%clk 1:24:07]} dxc4 {[%clk 1:31:06]} 9. Bxc4 {[%clk 1:24:27]} O-O {[%clk
1:31:24]} 10. Rc1 {[%clk 1:20:23]} b6 {[%clk 1:27:33]} 11. h4 {[%clk 1:10:37]}
Bb7 {[%clk 1:24:26]} 12. Rh3 {[%clk 1:09:56]} Rc8 {[%clk 1:23:34]} 13. Bd3 {[%clk
1:07:48]} Nb4 {[%clk 1:23:29]} 14. Bb1 {[%clk 1:08:02]} Nbd5 {[%clk 1:23:07]} 15.
Ne5 {[%clk 1:05:17]} a6 {[%clk 1:13:14]} 16. Qe2 {[%clk 1:00:43]} b5 {[%clk
1:12:41]} 17. Rg3 {[%clk 0:57:58]} Kh8 {[%clk 1:12:13]} 18. Rd1 {[%clk 0:53:34]}
Nxc3 {[%clk 1:08:17]} 19. bxc3 {[%clk 0:53:12]} Nd5 {[%clk 1:06:22]} 20. Qh5
{[%clk 0:52:06]} f5 {[%clk 1:04:50]} 21. Bxe7 {[%clk 0:50:55]} Nxe7 {[%clk
1:04:41]} 22. Nf7+ {[%clk 0:51:10]} Rxf7 {[%clk 1:04:52]} 23. Qxf7 {[%clk
0:51:36]} Ng6 {[%clk 1:04:51]} 24. Qxb7 {[%clk 0:51:35]} 1-0

[Event "Helsinki Chess Festival - Seniors"]
[Site "chess24.com"]
[Date "2019.08.15"]
[Round "4"]
[White "Mishuchkov, Nikolai M."]
[Black "Hammar, Bengt"]
[Result "1/2-1/2"]
[Board "3"]
[WhiteTitle "IM"]
[WhiteElo "2274"]
[WhiteCountry "RUS"]
[WhiteFideId "4102401"]
[WhiteEloChange "-2"]
[BlackTitle "FM"]
[BlackElo "2199"]
[BlackCountry "SWE"]
[BlackFideId "1700391"]
[BlackEloChange "2"]

1. d4 {[%clk 1:30:50]} Nf6 {[%clk 1:30:36]} 2. Nf3 {[%clk 1:31:14]} g6 {[%clk
1:30:17]} 3. Bg5 {[%clk 1:30:37]} Ne4 {[%clk 1:28:13]} 4. Bh4 {[%clk 1:28:06]} d5
{[%clk 1:27:41]} 5. Nbd2 {[%clk 1:27:47]} Bg7 {[%clk 1:25:46]} 6. c3 {[%clk
1:27:26]} c5 {[%clk 1:20:07]} 7. e3 {[%clk 1:26:23]} Nxd2 {[%clk 1:18:01]} 8.
Qxd2 {[%clk 1:25:20]} cxd4 {[%clk 1:17:59]} 9. cxd4 {[%clk 1:24:04]} O-O {[%clk
1:17:49]} 10. Be2 {[%clk 1:24:08]} Bg4 {[%clk 1:10:27]} 11. O-O {[%clk 1:23:37]}
Nc6 {[%clk 1:09:48]} 12. Rfc1 {[%clk 1:14:00]} Qd7 {[%clk 1:08:39]} 13. h3 {[%clk
0:54:21]} Bxf3 {[%clk 1:08:37]} 14. Bxf3 {[%clk 0:54:48]} Rfc8 {[%clk 1:08:25]}
15. Rc2 {[%clk 0:53:48]} e6 {[%clk 1:08:00]} 16. Rac1 {[%clk 0:54:07]} a6 {[%clk
1:05:35]} 17. a3 {[%clk 0:53:44]} Na7 {[%clk 1:04:44]} 18. Qa5 {[%clk 0:51:31]}
Rxc2 {[%clk 1:01:05]} 19. Rxc2 {[%clk 0:51:58]} Rc8 {[%clk 1:01:25]} 20. Rxc8+
{[%clk 0:48:59]} Nxc8 {[%clk 1:00:46]} 21. Qd8+ {[%clk 0:48:26]} Qxd8 {[%clk
1:01:09]} 22. Bxd8 {[%clk 0:48:52]} Kf8 {[%clk 0:59:01]} 23. Ba5 {[%clk 0:39:09]}
Ke8 {[%clk 0:58:59]} 24. Kf1 {[%clk 0:38:59]} h5 {[%clk 0:57:51]} 25. b3 {[%clk
0:37:36]} f5 {[%clk 0:53:45]} 26. g4 {[%clk 0:36:08]} hxg4 {[%clk 0:53:59]} 27.
hxg4 {[%clk 0:36:34]} Bf8 {[%clk 0:53:26]} 28. a4 {[%clk 0:36:21]} b6 {[%clk
0:51:49]} 29. Be1 {[%clk 0:35:46]} a5 {[%clk 0:51:51]} 30. gxf5 {[%clk 0:36:10]}
gxf5 {[%clk 0:52:11]} 31. Bh5+ {[%clk 0:36:30]} Kd7 {[%clk 0:52:28]} 32. f3
{[%clk 0:36:35]} Bb4 {[%clk 0:52:27]} 33. Bg3 {[%clk 0:36:34]} Bd6 {[%clk
0:52:43]} 34. Bf2 {[%clk 0:33:08]} Ne7 {[%clk 0:50:56]} 35. Ke2 {[%clk 0:31:19]}
Ng8 {[%clk 0:50:01]} 36. Bg6 {[%clk 0:28:03]} Nf6 {[%clk 0:49:56]} 37. Bh4 {[%clk
0:28:15]} Be7 {[%clk 0:50:21]} 38. Bg3 {[%clk 0:28:40]} Bd6 {[%clk 0:50:34]} 39.
Bh4 {[%clk 0:28:12]} Be7 {[%clk 0:51:02]} 40. Kd3 {[%clk 0:58:03]} Ng8 {[%clk
1:19:53]} 41. Be1 {[%clk 0:53:58]} Nf6 {[%clk 1:19:17]} 42. Ke2 {[%clk 0:49:30]}
Bd6 {[%clk 1:18:48]} 43. Bh4 {[%clk 0:49:02]} Be7 {[%clk 1:19:16]} 44. Bg3 {[%clk
0:49:00]} Bd6 {[%clk 1:18:51]} 45. Bf2 {[%clk 0:46:29]} Be7 {[%clk 1:19:07]} 46.
Kf1 {[%clk 0:46:52]} Bd8 {[%clk 1:18:48]} 47. Kg2 {[%clk 0:45:29]} Ke7 {[%clk
1:15:09]} 48. Kh3 {[%clk 0:45:28]} Kd7 {[%clk 1:13:50]} 49. Bh4 {[%clk 0:45:33]}
Be7 {[%clk 1:13:51]} 50. Bg5 {[%clk 0:45:34]} Ng8 {[%clk 1:13:43]} 51. Kh4 {[%clk
0:36:01]} Bxg5+ {[%clk 1:13:27]} 52. Kxg5 {[%clk 0:36:26]} Ke7 {[%clk 1:13:48]}
53. e4 {[%clk 0:36:11]} 1/2-1/2

[Event "Helsinki Chess Festival - Seniors"]
[Site "chess24.com"]
[Date "2019.08.15"]
[Round "4"]
[White "Kaunas, Kestutis"]
[Black "Westerinen, Heikki M.J."]
[Result "1/2-1/2"]
[Board "4"]
[WhiteTitle "IM"]
[WhiteElo "2154"]
[WhiteCountry "LTU"]
[WhiteFideId "12800139"]
[WhiteEloChange "4"]
[BlackTitle "GM"]
[BlackElo "2297"]
[BlackCountry "FIN"]
[BlackFideId "500020"]
[BlackEloChange "-4"]

1. d4 {[%clk 1:30:51]} Nf6 {[%clk 1:30:49]} 2. c4 {[%clk 1:31:17]} g6 {[%clk
1:30:55]} 3. Nc3 {[%clk 1:31:28]} Bg7 {[%clk 1:30:48]} 4. e4 {[%clk 1:31:57]} d6
{[%clk 1:30:50]} 5. Nf3 {[%clk 1:32:21]} O-O {[%clk 1:30:38]} 6. Be2 {[%clk
1:32:49]} c5 {[%clk 1:30:09]} 7. d5 {[%clk 1:32:19]} e6 {[%clk 1:16:01]} 8. O-O
{[%clk 1:28:18]} exd5 {[%clk 1:15:12]} 9. cxd5 {[%clk 1:28:39]} Re8 {[%clk
1:15:00]} 10. Nd2 {[%clk 1:27:14]} a6 {[%clk 1:09:01]} 11. a4 {[%clk 1:27:11]} b6
{[%clk 1:06:01]} 12. Qc2 {[%clk 1:20:00]} Nbd7 {[%clk 1:00:11]} 13. Nc4 {[%clk
0:56:44]} Ne5 {[%clk 0:59:59]} 14. Nxe5 {[%clk 0:51:43]} 1/2-1/2